Statistics for WW2: In Europe

Click here to take the quiz!

General Stats

  • This quiz has been taken 233 times
  • The average score is 12 of 15

Answer Stats

Statement Answer% Correct
Germany invaded half of this nation. It also started the Second World War Poland
99%
Leader of the Soviet Union Joseph Stalin
91%
This allied power got to Berlin first Soviet Union
89%
Germany annexed this nation first Austria
87%
The evacuation of this place, In France, saved around 450 thousand allied soldiersDunkirk
86%
The turning point for the Soviet Union. The battle of ____Stalingrad
84%
The allied invasion of FranceD-Day
82%
A very unfortunate event. Nazi Germany’s mass murder of JewsThe Holocaust
81%
This American president lived till 1945Franklin D. Roosevelt
78%
This war, between the Soviet Union and Finald, was also in 1939The Winter War
75%
A german bombing offensive against the UK, in 1940, and 1941The Blitz
71%
The allies said Germany can occupy a little bit of this nation. But in 1939, the Germans took over the rest, with forceCzechoslovakia
69%
The Italian army invaded this nation. It’s next to Greece, and YugoslaviaAlbania
66%
The German’s final offensive against the allies. It didn’t go well Battle of the Bulge
65%
The Germans surprised the French, by rolling tanks through this forest The Ardennes
60%

Score Distribution

Percentile by Number Answered

Percent of People with Each Score

Your Score History

You have not taken this quiz